Music Quiz

Random Music or Bands Quiz

Multiple Bands II Quiz Stats

 Plays Quiz Updated Feb 17, 2020

Support Sporcle.
Go Orange.
Score 0/24 Timer 06:00
1 Play Today
Bands Musician % Correct
Led Zeppelin, The Honeydrippers, Band of JoyRobert Plant
83.8%
Led Zeppelin, Them Crooked VulturesJohn Paul Jones
53.4%
Pearl Jam, HovercraftEddie Vedder
47.2%
Rage Against the Machine, Audioslave, Street Sweeper Social ClubTom Morello
40.7%
Hole, Faith No More, Babes in ToylandCourtney Love
40.1%
The Cure, Siouxsie & the BansheesRobert Smith
34%
Electric Light Orchestra, Traveling WilburysJeff Lynne
33.6%
Goodie Mob, Gnarls BarkleyCee-Lo
31.1%
Eagles, James Gang, BarnstormJoe Walsh
30.8%
Blur; Gorillaz; The Good, the Bad & the QueenDamon Albarn
30.4%
Spencer Davis Group, Traffic, Blind Faith, GoSteve Winwood
28.3%
The Animals, WarEric Burdon
27.9%
Bands Musician % Correct
The Libertines, BabyshamblesPete Doherty
21.9%
Wu-Tang Clan, GravediggazRZA
21.9%
Genesis, Mike + The MechanicsMike Rutherford
21.8%
Metallica, Voivod, Rock Star SupernovaJason Newsted
18.3%
Smashing Pumpkins, A Perfect Circle, Tinted WindowsJames Iha
16.5%
Bright Eyes, Desaparecidos, Monsters of FolkConor Oberst
13.5%
Guns N' Roses, Velvet Revolver, The CultMatt Sorum
12.6%
UFO, ScorpionsMichael Schenker
9.1%
Rancid, Operation Ivy, TransplantsTim Armstrong
9%
L.A. Guns, Brides of Destruction, Guns N' RosesTracii Guns
7.9%
House of Pain, Limp Bizkit, La Coka NostraDJ Lethal
7.1%
Minutemen, The Stooges, Porno for Pyros, fIREHOSEMike Watt
6.2%

From the Vault

Ends in 'DA'

by betraisefold

Language 10m
When finished with this quiz, find the nearest mirror, point to yourself and say "You Da Man!"...unless of course you are a woman.
Remove Ads.
Support Sporcle.
Get the best of Sporcle when you Go Orange. This ad-free experience offers more features, more stats, and more fun while also helping to support Sporcle. Thank you for becoming a member.

Show Comments

Extras

Top Quizzes Today


Score Distribution

Your Account Isn't Verified!

In order to create a playlist on Sporcle, you need to verify the email address you used during registration. Go to your Sporcle Settings to finish the process.

Report this User

Report this user for behavior that violates our Community Guidelines.

Details: